00636nam a22001937a 450000500170000001000150001702000260003203500130005803700130007108200060008410000210009024500580011126000410016927000540021030000210026494200200028599900170030595201200032220140616110509.0 aENG-110215 a9789382025108c125.00 aEN-93747 bDBAD/PUB aS aSatyapal Chandra aDreams revenge and confession /cby Satyapal Chandra  aNew DelhibPigeon Books India c2012 al-2/16, Ansari Road, DaryaganjbNew Delhie110006 a227p.c22cm(pbk) 2ddccENmSAThS c85101d85101 001040718FICaDBADbDBADd2014-06-13eENG-110215g125.00l0oS SATpEN-93747r2014-06-13 00:00:00t1v125.00yEN